000 00394nam a2200145Ia 4500
008 230711s9999||||xx |||||||||||||| ||und||
041 _aENG
082 _a658
_bTO-A
100 _aTogersen,P.E
245 0 _aApplied operations research and management
250 _a1st Ed.
260 _c1987
_aNew Delhi
_bPrentice-Hall of India Private Limited
650 _aMechanical Engineering
942 _cBK
999 _c1339
_d1339